Fisheries & Aquaculture : study of biotechnology and genetics / (Record no. 49960)

MARC details
000 -LEADER
fixed length control field 00578nam a22002057a 4500
003 - CONTROL NUMBER IDENTIFIER
control field OSt
008 - FIXED-LENGTH DATA ELEMENTS--GENERAL INFORMATION
fixed length control field 260323b |||||||| |||| 00| 0 eng d
020 ## - INTERNATIONAL STANDARD BOOK NUMBER
International Standard Book Number 9781835353066
082 ## - DEWEY DECIMAL CLASSIFICATION NUMBER
Classification number 639.2
Item number B34F
100 ## - MAIN ENTRY--PERSONAL NAME
Personal name Bauer, T.
245 ## - TITLE STATEMENT
Title Fisheries & Aquaculture : study of biotechnology and genetics /
Statement of responsibility, etc. by T. Bauer
260 ## - PUBLICATION, DISTRIBUTION, ETC. (IMPRINT)
Place of publication, distribution, etc .- UK
Name of publisher, distributor, etc : ED-Tech Press
Date of publication, distribution, etc , 2026
300 ## - PHYSICAL DESCRIPTION
Extent xiii,294p.
650 ## - SUBJECT ADDED ENTRY--TOPICAL TERM
Topical term or geographic name as entry element Technology (Applied Sciences)
650 ## - SUBJECT ADDED ENTRY--TOPICAL TERM
Topical term or geographic name as entry element Agriculture and Related Technologies
650 ## - SUBJECT ADDED ENTRY--TOPICAL TERM
Topical term or geographic name as entry element Fisheries
650 ## - SUBJECT ADDED ENTRY--TOPICAL TERM
Topical term or geographic name as entry element Aquaculture
650 ## - SUBJECT ADDED ENTRY--TOPICAL TERM
Topical term or geographic name as entry element Genetics
942 ## - ADDED ENTRY ELEMENTS (KOHA)
Source of classification or shelving scheme
Koha item type Books
Holdings
Withdrawn status Lost status Source of classification or shelving scheme Damaged status Not for loan Home library Current library Date acquired Source of acquisition Cost, normal purchase price Full call number Barcode Date last seen Bill Date Koha item type Bill Number
          Dr. Rajendra Prasad Central Agricultural University Pusa, College of Fishries - Dholi 23/03/2026 Faith, New Delhi 19636.00 639.2 B34F 88157 23/03/2026 02/02/2026 Books FE/9/2025-26
Hosted, Implemented, Customized & Maintained by: BestBookBuddies

Powered by Koha